000 00702nam a2200253Ia 4500
005 20250425161809.0
008 250425s9999 xx 000 0 und d
020 _a970170262X
041 _aspa
082 _a001.6425
100 _aLONG, LARRY
245 0 _aINTRODUCCION A LAS COMPUTADORAS Y A LOS SISTEMAS DE INFORMACION
250 _a5A ED.
260 _aMéxico
_bPRENTICE HALL
_c1999
260 _aNAUCALPAN DE JUAREZ
300 _a416
500 _aTítulo Traducido: INTRODUCTION TO COMPUTERS AND INFORMATION SYSTEMS
650 _aCOMPUTADORES
650 _aSISTEMA DE INFORMACION
650 _aSISTEMAS COMPUTARIZADOS
650 _aSOFTWARE
942 _c01
010 _a29985
999 _c216284
_d216284